| 000 | 00373nam a2200133 i 4500 | ||
|---|---|---|---|
| 001 | bg | ||
| 100 | 1 | _aJARMONTOWICZ, Alina | |
| 245 | 0 |
_aZmiany składu fazowego i struktury tworzywa gipsowo-cementowo-pucolanowego w czasie / _cAlina Jarmontowicz. |
|
| 260 |
_aWarszawa, _c1978. |
||
| 040 | _cBPK | ||
| 041 | _apol | ||
| 942 | _cKS | ||
| 008 | s pl f |000 0 pol | ||
| 999 |
_c9898 _d9898 |
||
| 856 |
_uhttp://koha.tu.koszalin.pl/cgi-bin/koha/opac-detail.pl?biblionumber=9898 _yKatalog online BPK |
||